Statistics for Countries by a Single Clue #5

Click here to take the quiz!

General Stats

  • This quiz has been taken 27,782 times
  • The average score is 14 of 20

Answer Stats

ClueCountry% Correct
Had a "one-child policy" until 2016China
98%
Has been accused of interfering in the U.S. and French electionsRussia
94%
Country whose spies work for MI6United Kingdom
88%
Located between Algeria and EgyptLibya
88%
Completely surrounded by South AfricaLesotho
86%
Controls the Suez CanalEgypt
85%
Controls the islands of Java and SulawesiIndonesia
84%
Borders HaitiDominican Republic
79%
Country with the most Basque residentsSpain
79%
4,300 kilometers tall, only 350 kilometers wideChile
78%
Borders Romania and TurkeyBulgaria
77%
According to legend, this microstate was founded by Saint Marinus in 301 A.D.San Marino
72%
Banned chewing gum in 1992Singapore
68%
Country where Tamil Tigers fought a rebellionSri Lanka
62%
Country where the Nile river meets Lake VictoriaUganda
60%
Country where the ancient city of Carthage was locatedTunisia
60%
Dub and ska music come from hereJamaica
56%
Birthplace of conjoined twins Eng and ChangThailand
52%
Had 800% inflation in 2016Venezuela
44%
Former leader Niyazov commissioned a giant golden statue of himself that always
rotated to face the sun - now demolished
Turkmenistan
31%

Score Distribution

Percentile by Number Answered

Percent of People with Each Score

Your Score History

You have not taken this quiz